Thiết kế và sử dụng bài tập thực nghiệm trong dạy và học Hoá học
Sách gồm hai phần: Phần I. Tổng quan về bài tập Hoá học thực nghiệm ; Phần 2. Thiết kế và sử dụng bài tập Hoá học thực nghiệm
Enregistré dans:
| Auteur principal: | |
|---|---|
| Format: | Livre |
| Langue: | Undetermined |
| Publié: |
Hà Nội
Giáo dục Việt Nam
2009
|
| Sujets: | |
| Tags: |
Ajouter un tag
Pas de tags, Soyez le premier à ajouter un tag!
|
| Thư viện lưu trữ: | Trung tâm Học liệu Trường Đại học Cần Thơ |
|---|
| LEADER | 00905nam a2200217Ia 4500 | ||
|---|---|---|---|
| 001 | CTU_184933 | ||
| 008 | 210402s9999 xx 000 0 und d | ||
| 020 | |c 22500 | ||
| 082 | |a 540.712 | ||
| 082 | |b Gi101 | ||
| 100 | |a Cao, Cự Giác | ||
| 245 | 0 | |a Thiết kế và sử dụng bài tập thực nghiệm trong dạy và học Hoá học | |
| 245 | 0 | |c Cao Cự Giác | |
| 260 | |a Hà Nội | ||
| 260 | |b Giáo dục Việt Nam | ||
| 260 | |c 2009 | ||
| 520 | |a Sách gồm hai phần: Phần I. Tổng quan về bài tập Hoá học thực nghiệm ; Phần 2. Thiết kế và sử dụng bài tập Hoá học thực nghiệm | ||
| 650 | |a Chemistry,Hóa học | ||
| 650 | |x Study and teaching (Secondary),Học và giảng dạy (trung học) | ||
| 904 | |i Tuyến | ||
| 980 | |a Trung tâm Học liệu Trường Đại học Cần Thơ | ||